Lamborghini models by picture - Statistiques

Statistiques générales
  • Ce quiz a été pris 522 fois
  • Le résultat moyen est 6 sur 8
Statistiques - réponses
Par images Réponse % Correct
Urus
98%
Huracan
93%
Countach
87%
Gallardo
81%
Veneno
78%
Murcielago
73%
Miura
72%
Adventador
11%
Aucun quiz correspondant
Distribution des résultats
% des personnes avec chaque résultat
Percentile par nombre de réponses
Votre historique - résultats
Vous n’avez pas pris ce quiz